| 000 | 00897nam a2200253Ia 4500 | ||
|---|---|---|---|
| 003 | OSt | ||
| 005 | 20221005113325.0 | ||
| 006 | a|||||r|||| 00| 0 | ||
| 007 | ta | ||
| 008 | 221004b |||||||| |||| 00| 0 pan d | ||
| 020 |
_a9788130203331 (hbk) _c700 |
||
| 024 | _a26583 | ||
| 037 |
_b985, 16/12/2015, H.K. Prakashan _cTextual |
||
| 040 |
_aCRL _cCRL _bpan |
||
| 041 |
_2pan _apan |
||
| 082 | _aO153j N201, Q5 | ||
| 100 | _aਜਸਬੀਰ ਕੌਰ, ਥਦ. | ||
| 245 | 0 |
_aਡਾ. ਹਰਿਭਜਲ ਸਿੰਘ _b ਸਿਮਰਤੀ ਗ੍ਰੰਥ |
|
| 260 |
_aਪਟਿਆਲਾ _bਪਬਲੀਕੇFਨ ਬਿਊਰੋ ਭਾਰਤ _c2015 |
||
| 300 |
_a404ਪੰ _ccm. |
||
| 650 | _aਪੰਜਾਬੀ ਸਾਹਿਤ | ||
| 942 |
_hO153j N201, Q5 _cTEXL _2cc |
||
| 999 |
_c1027797 _d1027797 |
||